| 000 | 00462nam a2200169Ia 4500 | ||
|---|---|---|---|
| 008 | 220216s9999 xx 000 0 und d | ||
| 100 | _aNarayanan C | ||
| 245 | 0 | _aPerformance of RRII 417 in an on-farm trial in North Malabar region of Southern India | |
| 260 |
_bRubber Board Bulletin _c2015 |
||
| 300 | _a9-Apr | ||
| 500 | _aSource Year: 2015 | ||
| 650 | _aRRII 400 series | ||
| 650 | _aRRII 417 | ||
| 650 | _aYield | ||
| 700 | _aMydin K.K | ||
| 942 | _cJS | ||
| 999 |
_c64772 _d64772 |
||